Né il bene né il male /

Bibliographic Details
Main Author: Agosta, Paolo, 1975-
Format: Book
Language:Italian
Published: [Roma] : Progetto cultura, 2003.
Series:Collana Le scommesse.

MARC

Tag First Indicator Second Indicator Subfields
LEADER 00000cam a2200000Ma 4500
001 in00002091925
005 20151102153650.0
008 050502s2003 it 000 f ita d
020 |a 888924318X 
029 0 |a C3L  |b 05904100 
035 |a (OCoLC)ocm60117501 
040 |a C3L  |c C3L  |d TXA  |d UtOrBLW 
043 |a e-it--- 
045 |a x4x- 
049 |a TXAM 
082 1 4 |a 853  |2 21 
090 |a PQ4901.G67  |b N4 2003 
100 1 |a Agosta, Paolo,  |d 1975- 
245 1 0 |a Né il bene né il male /  |c Paolo Agosta. 
264 1 |a [Roma] :  |b Progetto cultura,  |c 2003. 
300 |a 316 pages ;  |c 21 cm. 
336 |a text  |b txt  |2 rdacontent 
337 |a unmediated  |b n  |2 rdamedia 
338 |a volume  |b nc  |2 rdacarrier 
490 1 |a Collana Le scommesse 
500 |a Novel. 
830 0 |a Collana Le scommesse. 
938 |a Casalini Libri  |b CASA  |n 05904100  |c 12.00 EUR 
948 |a cataloged  |b h  |c 2006/10/10  |d c  |e fpiscitelli  |f 12:22:21 pm 
994 |a C0  |b TXA 
999 |a MARS 
999 f f |s 4fcc422e-2d3f-30d9-852b-be9d36404191  |i 6110013a-f649-3688-9882-8fb9d3eeebff  |t 0 
952 f f |p ric  |a Texas A&M University  |b Rellis Campus  |c Joint Library Facility  |d Remote Storage  |t 0  |e PQ4901.G67 N4 2003  |h Library of Congress classification  |i unmediated -- volume  |m A14834698549 
998 f f |a PQ4901.G67 N4 2003  |t 0  |l Remote Storage